La ciudad y los perros /
Guardado en:
| Autor Principal: | |
|---|---|
| Formato: | Libro |
| Idioma: | Spanish |
| Publicado: |
Buenos Aires :
Hyspamerica,
1983.
|
| Edición: | 1a ed. |
| Series: | Historia Universal de la Literatura ;
40 |
| Materias: | |
| Etiquetas: |
Agregar Etiqueta
Sin Etiquetas, Sea el primero en etiquetar este registro!
|
| LEADER | 00601nam a22001935a 4500 | ||
|---|---|---|---|
| 001 | CEM.cems024512 | ||
| 008 | 250213s1983####ag############000#0#spa#d | ||
| 005 | 20250213173256.0 | ||
| 245 | 1 | 0 | |a La ciudad y los perros / |c Mario Vargas Llosa. |
| 250 | |a 1a ed. | ||
| 260 | |a Buenos Aires : |b Hyspamerica, |c 1983. | ||
| 300 | |a 394 p. | ||
| 490 | 1 | |a Historia Universal de la Literatura ; |v 40 | |
| 020 | |a 9506140626 | ||
| 100 | 1 | |a Vargas Llosa, Mario. | |
| 653 | |a Literatura peruana | ||
| 653 | |a Novela peruana | ||
| 653 | |a Boom latinoamericano | ||
| 859 | |a CEMS |b BIB. CEMS - 11 de abril |h Pe863.4 |i V426-2a1 |p 29757.25 |t Ej.1 | ||
